Población y desarrollo en América Latina

Kaydedildi:
Detaylı Bibliyografya
Müşterek Yazar: CEPAL
Materyal Türü: Metin
Baskı/Yayın Bilgisi: México D.F.: Fondo de Cultura Económica
Etiketler: Etiketle
Etiket eklenmemiş, İlk siz ekleyin!

MARC

LEADER 00000 a a2200000 04500
001 24266
003
040
090 |a 166200  
110 |a CEPAL  
245 |a Población y desarrollo en América Latina  
260 |a México D.F.:   |b Fondo de Cultura Económica  
300 |a 317 p.   |b **no definido**  
999 |c 15492  |d 15492